书目信息 |
| 题名: |
饲料配制与检测
|
|
| 作者: | 范先超 , 陈继武 主编 | |
| 分册: | ||
| 出版信息: | 北京 中国农业大学出版社 2012.12 |
|
| 页数: | 291页 | |
| 开本: | 26cm | |
| 丛书名: | ||
| 单 册: | ||
| 中图分类: | S816.8 , S816.17 | |
| 科图分类: | ||
| 主题词: | 配合饲料--职业大学--教材 , 饲料--检测--职业大学--教材 , 配合饲料 , 饲料 | |
| 电子资源: | ||
| ISBN: | 978-7-5655-0668-0 | |
| 000 | 01038nam0 2200313 450 | |
| 001 | 0100101126269 | |
| 005 | 20140611151940.00 | |
| 010 | @a978-7-5655-0668-0@dCNY33.00 | |
| 100 | @a20130417d2012 em y0chiy50 ea | |
| 101 | 0 | @achi |
| 102 | @aCN@b110000 | |
| 105 | @aak z 000yy | |
| 106 | @ar | |
| 200 | 1 | @a饲料配制与检测@9si liao pei zhi yu jian ce@f范先超,陈继武主编 |
| 210 | @a北京@c中国农业大学出版社@d2012.12 | |
| 215 | @a291页@c图@d26cm | |
| 300 | @a国家示范骨干高职院校建设专业系列教材 | |
| 330 | @a本书共5个项目20个任务。主要介绍了畜禽营养基本理论及供应畜禽营养物质的主要饲料的营养特点与使用方法;饲料常规营养成分、饲料卫生指标检测及饲料显微镜检查方法与技能等。 | |
| 333 | @a高职 | |
| 606 | 0 | @a配合饲料@x职业大学@j教材 |
| 606 | 0 | @a饲料@x检测@x职业大学@j教材 |
| 606 | 0 | @a配合饲料 |
| 606 | 0 | @a饲料 |
| 690 | @aS816.8@v5 | |
| 690 | @aS816.17@v5 | |
| 701 | 0 | @a范先超@9fan xian chao@4主编 |
| 701 | 0 | @a陈继武@9chen ji wu@4主编 |
| 801 | 0 | @aCN@b人天书店@c20130417 |
| 905 | @b549175-77@dS816.8@e105@f3 | |
| 饲料配制与检测/范先超,陈继武主编.-北京:中国农业大学出版社,2012.12 |
| 291页:图;26cm |
| 国家示范骨干高职院校建设专业系列教材.-使用对象:高职 |
| ISBN 978-7-5655-0668-0:CNY33.00 |
| 本书共5个项目20个任务。主要介绍了畜禽营养基本理论及供应畜禽营养物质的主要饲料的营养特点与使用方法;饲料常规营养成分、饲料卫生指标检测及饲料显微镜检查方法与技能等。 |
| ● |
| 相关链接 |
|
|
|
|
正题名:饲料配制与检测
索取号:S816.8/105
 
预约/预借
| 序号 | 登录号 | 条形码 | 馆藏地/架位号 | 状态 | 备注 |
| 1 | 549175 | 205491751 | 第二样本阅览室/ [索取号:S816.8/105] | 在馆 | |
| 2 | 549176 | 205491760 | 第三借阅区/ [索取号:S816.8/105] | 在馆 | |
| 3 | 549177 | 205491779 | 生命科学系资料室/ [索取号:S816.8/105] | 在馆 |